<?xml version="1.0" encoding="UTF-8"?>
<collection xmlns="http://www.loc.gov/MARC21/slim">
 <record>
  <leader>02428nab a2200217 i 4500</leader>
  <controlfield tag="001">publ29549</controlfield>
  <controlfield tag="005">20240215082243.0</controlfield>
  <controlfield tag="008">240215s2023    hu      o     000   eng d</controlfield>
  <datafield tag="022" ind1=" " ind2=" ">
   <subfield code="a">1738-7035</subfield>
  </datafield>
  <datafield tag="024" ind1="7" ind2=" ">
   <subfield code="a">10.22245/jkanr.2023.49.49.79</subfield>
   <subfield code="2">doi</subfield>
  </datafield>
  <datafield tag="024" ind1="7" ind2=" ">
   <subfield code="a">34231321</subfield>
   <subfield code="2">mtmt</subfield>
  </datafield>
  <datafield tag="040" ind1=" " ind2=" ">
   <subfield code="a">SZTE Publicatio Repozitórium</subfield>
   <subfield code="b">hun</subfield>
  </datafield>
  <datafield tag="041" ind1=" " ind2=" ">
   <subfield code="a">eng</subfield>
  </datafield>
  <datafield tag="100" ind1="1" ind2=" ">
   <subfield code="a">Nemes Márk</subfield>
  </datafield>
  <datafield tag="245" ind1="1" ind2="0">
   <subfield code="a">Subcultural Identity as a Surrogate- or Quasi-Religiosity</subfield>
   <subfield code="h">[elektronikus dokumentum] /</subfield>
   <subfield code="c"> Nemes Márk</subfield>
  </datafield>
  <datafield tag="260" ind1=" " ind2=" ">
   <subfield code="c">2023</subfield>
  </datafield>
  <datafield tag="300" ind1=" " ind2=" ">
   <subfield code="a">79-101</subfield>
  </datafield>
  <datafield tag="490" ind1="0" ind2=" ">
   <subfield code="a">Journal of the Korean Academy of New Religions</subfield>
   <subfield code="v">49 No. 1</subfield>
  </datafield>
  <datafield tag="520" ind1="3" ind2=" ">
   <subfield code="a">As contemporary postmodern societies attain increasingly more complex forms, the previous markers of belonging and identity also expand and incorporate new elements. Through this process, new alternative forms of belonging emerge, emphasizing the individuals’ uniqueness within the masses. Scholars agree that the wide range of sub- and countercultural affiliations – emerging since around the late 20th century – are becoming just as important identifiers of belonging in our contemporary society as formerly religious or congregational affiliations were. In certain conditions, the combination and interaction of these new markers of alternative belongings and subcultural self-definitions with former religious-social complexes have the capacity to create unique – maybe even seemingly self-contradictory – constellations. Inspecting these peculiar cases, one could argue that a devout Catholic should not read fantasy- and sci-fi literature or an Evangelical protestant should avoid listening to heavy- or black metal, as these kinds of pastimes and their possible secondary affiliative markers might undermine the primary (religious) identity of the individual. However, in this paper, I will bring examples of such combinations where the subcultural affiliations are just as equally normative – if not more important – as the religious ones are. Considering these, I present an initial perspective for approaching the combination and interactions of subcultural spheres as part of a larger system containing surrogate or complementary elements for established religiosity, as well as – in certain conditions – manifested autonomous forms of quasi-religiosity.</subfield>
  </datafield>
  <datafield tag="650" ind1=" " ind2="4">
   <subfield code="a">Filozófia, etika és vallástudományok</subfield>
  </datafield>
  <datafield tag="856" ind1="4" ind2="0">
   <subfield code="u">http://publicatio.bibl.u-szeged.hu/29549/1/KCI_FI003008763.pdf</subfield>
   <subfield code="z">Dokumentum-elérés </subfield>
  </datafield>
 </record>
</collection>
